Elites of Eden : a novel (Record no. 8655)

MARC details
000 -LEADER
fixed length control field 00402nam a22001577a 4500
008 - FIXED-LENGTH DATA ELEMENTS--GENERAL INFORMATION
fixed length control field 210304b ||||| |||| 00| 0 eng d
020 ## - INTERNATIONAL STANDARD BOOK NUMBER
International Standard Book Number 9781471177095
082 ## - DEWEY DECIMAL CLASSIFICATION NUMBER
Classification number FIC 813.6 GRA
100 ## - MAIN ENTRY--PERSONAL NAME
Personal name Graceffa, Joey
245 ## - TITLE STATEMENT
Title Elites of Eden : a novel
260 ## - PUBLICATION, DISTRIBUTION, ETC.
Place of publication, distribution, etc. New York :
Name of publisher, distributor, etc. Keywords Press,
Date of publication, distribution, etc. 2017.
300 ## - PHYSICAL DESCRIPTION
Extent 278 p.
Dimensions 20 cm.
650 ## - SUBJECT ADDED ENTRY--TOPICAL TERM
Topical term or geographic name entry element a novel
700 ## - ADDED ENTRY--PERSONAL NAME
Personal name Sullivan, Laura L.
942 ## - Added entry Elements (Koha)
Source of classification or shelving scheme Dewey Decimal Classification
Holdings
Withdrawn status Lost status Source of classification or shelving scheme Damaged status Not for loan Collection code Home library Current library Shelving location Date acquired Serial Enumeration / chronology Total Checkouts Full call number Barcode Date last seen Date last checked out Price effective from Koha item type
    Dewey Decimal Classification     Fiction RTC Library RTC Library Fiction 04/03/2021 14931 2 FIC 813.54 GRA 30014125 23/03/2025 08/03/2025 04/03/2021 Fiction
Royal Thimphu College || All Right Reserved